000 00434nam a2200181Ia 4500
003 GCL
008 140319s9999 xx 000 0 eng d
040 _aGCL /
_cGCL
082 0 4 _a730
_bD A
100 1 _aDECORO,HERMEN
245 1 0 _aL'ART DANS LE METRO /
_cDECORO,HERMEN
260 _a[S.N] :
_bBRUXELLES ،
_c1982
300 _a213 P
650 0 4 _aحسن فتحى
650 0 4 _aARTS
650 0 4 _aPLASTIC ART
942 _2ddc
_cBK
999 _c19494
_d19494